000 00752cab a2200229 4500
001 ##L1328431
008 060314n2006 000 0 eng u
035 _a(Sirsi) u132843
041 0 _aeng
100 1 _aHipwell, Deirdre
245 0 0 _aIreland
_bregional
260 _c2006
490 0 _aProperty Week
_v71(10) 10 March 2006, 99-122(12)
520 _aLooks at office letting and suburban land investment in Dublin; Irish investment interest in Chinese real estate and the German market; retail in Belfast; and sale and leaseback in Lisburn.
590 _aIKA140306
650 2 4 _aIRELAND
650 2 4 _aDUBLIN
650 2 4 _aBELFAST
650 2 4 _aLISBURN
690 _aPROPERTY-COMMERCIAL PROPERTY-COMMERCIAL PROPERTY MARKET
942 _n0
999 _c76655
_d76655